Antología de Agustín Álvarez : el pasado y el presente /
Guardado en:
| Autor Principal: | |
|---|---|
| Otros Autores: | |
| Formato: | Libro |
| Idioma: | Spanish |
| Publicado: |
Mendoza :
Ediciones Culturales de Mendoza,
1998
|
| Materias: | |
| Etiquetas: |
Agregar Etiqueta
Sin Etiquetas, Sea el primero en etiquetar este registro!
|
| LEADER | 00695nam a22002055a 4500 | ||
|---|---|---|---|
| 001 | EHU.bham039986 | ||
| 008 | 981229s1998####ag#a#####b###s000#0#spa#d | ||
| 005 | 20240822090558.0 | ||
| 245 | 1 | 0 | |a Antología de Agustín Álvarez : |b el pasado y el presente / |c estudio preliminar y selección de textos de Dante Ramaglia. |
| 260 | |a Mendoza : |b Ediciones Culturales de Mendoza, |c 1998 | ||
| 300 | |a 265 p. : il. | ||
| 020 | |a 9879075412 | ||
| 100 | 1 | |a Alvarez, Agustín, 1857-1914. | |
| 700 | 1 | |a Ramaglia, Dante. | |
| 082 | 3 | 0 | |a 309.18 |
| 653 | |a Sociología argentina | ||
| 653 | |a Filosofía argentina | ||
| 010 | |a 98234897 | ||
| 859 | |a AR-BHAM |b BIB. HUMANIDADES - General |h 309.18 |i AL86-2 |p 447.08 |t Ej.1 | ||
